000 00462nam a2200193Ia 4500
005 20250603145215.0
008 250603s9999 xx 000 0 und d
020 _a81-7008-084-3
050 _aTC 805 .P86/
100 _aPunmia, B.C.
245 0 _aIrrigation and water power engineering
250 _a12th ed.
260 _aNew Delhi
260 _bLaxmi publications (P) ltd
260 _c1992
300 _a985 p
650 _aNew Delhi
942 _cBK
999 _c41189
_d41189